000 00498nam a2200181Ia 4500
008 220204s9999 xx 000 0 und d
082 _a31:63
_bGOM;1
100 _aGOMEZ, Arturo A
245 0 _aStatistical procedures for agricultural research
250 _aEd.2
260 _aNew York
_bJohn Wiley
_c1984
650 _aCorrelation analysis
650 _aCovariance analysis
650 _aRegression analysis
650 _aStatistical analysis
700 _aGOMEZ, Kwanchai A
942 _cBK
999 _c41116
_d41116